| 000 | 00947nam a22002777a 4500 | ||
|---|---|---|---|
| 003 | OSt | ||
| 005 | 20220107122859.0 | ||
| 008 | 200316b xxu||||| |||| 00| 0 eng d | ||
| 020 | _a9781788626897 | ||
| 040 | _cIIITMK | ||
| 082 | _a005.82 LOZ/B | ||
| 100 |
_aLozano, Carlos A _917865 |
||
| 245 |
_aBug bounty hunting essentials: _bQuick paced guide to help white-hat hackers get through bug bounty programs _cCarlos A Lozano |
||
| 260 |
_aBirmingham, _bPackt Publishing, _c2018. |
||
| 300 | _avii, 254p. | ||
| 500 | _aPurchased through Budget Head ISEA Project Phase 2; Coordinator Mr. Meraj Uddin Faculty IIITMK | ||
| 650 |
_aCOMPUTER SCIENCE _918112 |
||
| 650 |
_aCOMPUTER SECUIRTY _918113 |
||
| 650 |
_aCYBER SECURITY _918114 |
||
| 650 |
_aWHITE HAT HACKERS _918115 |
||
| 650 |
_aBUG HUNTING _918116 |
||
| 650 |
_aBUG BOUNTY HUNTING _918117 |
||
| 650 |
_aSECURE CODE REVIEW _918118 |
||
| 700 |
_aAmir, Shahmeer _917866 |
||
| 942 |
_2ddc _cBK |
||
| 999 |
_c6766 _d6766 |
||